000 00650nam a22002297a 4500
005 20180530134514.0
008 100907t xxu||||| |||| 00| 0 eng d
010 _aENG-101435
020 _a9788187567868
_c200.00
035 _aEN-84968
037 _bDBAD/PUB
040 _adpl
_bEng
082 _a350
100 _aBhattacharya,Mohit
_918677
245 _aPublic administration /
_cby Mohit Bhattacharya
250 _a7th ed
260 _aKolkata
_bThe World Press
_c2010
270 _a37A College Street
_bKolkata
_e700073
300 _axv,276,ivp.
_c22cm (pbk)
500 _aIncludes index
942 _2ddc
_cEN
_h350
_mBHA
999 _c44119
_d44119